Connections for health / (Record no. 16749)
[ view plain ]
| 000 -LEADER | |
|---|---|
| fixed length control field | 00378cam a2200145 a 4500 |
| 040 ## - CATALOGING SOURCE | |
| Transcribing agency | DLC |
| 082 00 - DEWEY DECIMAL CLASSIFICATION NUMBER | |
| Classification number | 613 BRO 1996 A106 Or. |
| 245 00 - TITLE STATEMENT | |
| Title | Connections for health / |
| 250 ## - EDITION STATEMENT | |
| Edition statement | 4th ed. |
| 260 ## - PUBLICATION, DISTRIBUTION, ETC. (IMPRINT) | |
| Place of publication | Madison, Wis. : |
| Name of publisher | Brown & Benchmark, |
| Year of publication | c1996. |
| 300 ## - PHYSICAL DESCRIPTION | |
| Number of Pages | xvi, 687 p. : |
| Other physical details | ill. (chiefly col.) ; |
| Dimensions | 28 cm. |
| 650 #0 - SUBJECT ADDED ENTRY--TOPICAL TERM | |
| Topical Term | Health. |
| 700 1# - ADDED ENTRY--PERSONAL NAME | |
| Personal name | Mullen, Kathleen D. |
| 942 ## - ADDED ENTRY ELEMENTS (KOHA) | |
| Koha item type | សៀវភៅភាសាអង់គ្លេស |
| 952 ## - LOCATION AND ITEM INFORMATION (KOHA) | |
| Withdrawn status [LOCAL, KOHA] | 0 |
| Permanent Location | Date acquired | Koha item type | Lost status | Shelving location | Barcode | Current Location | Full call number |
|---|---|---|---|---|---|---|---|
| Library Block A | 2018-04-03 | សៀវភៅភាសាអង់គ្លេស | A109 | A18699 | Library Block A | 613 BRO 1996 A109 Or. |